[Event "Varna rap m"]
[Site "Varna"]
[Date "1995.??.??"]
[Round "1"]
[White "Karpov, Anatoly"]
[Black "Topalov, Veselin"]
[Result "1/2-1/2"]
[WhiteElo "2775"]
[BlackElo "2640"]
[PlyCount "108"]
[EventDate "1995.??.??"]
[EventType "match (rapid)"]
[EventRounds "6"]
[EventCountry "BUL"]
[SourceTitle "EXT 1998"]
[Source "ChessBase"]
[SourceDate "1997.11.17"]
[SourceVersion "1"]
[SourceVersionDate "1997.11.17"]
[SourceQuality "1"]

1. c4 Nf6 2. Nc3 g6 3. e4 d6 4. d4 Bg7 5. f3 O-O 6. Be3 e5 7. Nge2 c6 8. Qd2
Na6 9. d5 cxd5 10. cxd5 Bd7 11. Ng3 h5 12. Bb5 Bxb5 13. Nxb5 Qd7 14. Nc3 Nc5
15. O-O a5 16. Rfc1 Nh7 17. Nh1 f5 18. Nf2 b6 19. Qe2 Nf6 20. Rab1 Qe7 21. Bg5
Kh7 22. b3 Bh6 23. Bxh6 Kxh6 24. a3 Ne8 25. b4 axb4 26. axb4 Nd7 27. Nb5 Kg7
28. Rc6 Rf7 29. Rbc1 Ra4 30. Qc4 h4 31. Rc8 Ndf6 32. Qb3 Ra6 33. Qd3 fxe4 34.
fxe4 Ra2 35. Rf1 Qd7 36. Rcc1 Nh5 37. Nc3 Nf4 38. Qe3 Rb2 39. Rb1 Rc2 40. Rbc1
Rxc1 41. Rxc1 b5 42. Ne2 Nxe2+ 43. Qxe2 Qa7 44. h3 Qd4 45. Rb1 Nf6 46. Kh2 Nxd5
47. exd5 Rxf2 48. Qxb5 Kh6 49. Rg1 Rb2 50. Qb8 Qf4+ 51. Kh1 Qf6 52. b5 e4 53.
b6 e3 54. b7 Qg7 1/2-1/2

[Event "Varna rap m"]
[Site "Varna"]
[Date "1995.??.??"]
[Round "4"]
[White "Topalov, Veselin"]
[Black "Karpov, Anatoly"]
[Result "0-1"]
[WhiteElo "2640"]
[BlackElo "2775"]
[PlyCount "108"]
[EventDate "1995.??.??"]
[EventType "match (rapid)"]
[EventRounds "6"]
[EventCountry "BUL"]
[SourceTitle "EXT 1998"]
[Source "ChessBase"]
[SourceDate "1997.11.17"]
[SourceVersion "1"]
[SourceVersionDate "1997.11.17"]
[SourceQuality "1"]

1. e4 c6 2. d4 d5 3. Nd2 dxe4 4. Nxe4 Nd7 5. Ng5 Ngf6 6. Bc4 e6 7. Qe2 Nb6 8.
Bd3 h6 9. N5f3 c5 10. dxc5 Bxc5 11. Ne5 Nbd7 12. Ngf3 Qc7 13. Bf4 Bb4+ 14. Nd2
Bxd2+ 15. Kxd2 O-O 16. Kc1 Rd8 17. Rd1 Nc5 18. Bc4 Rxd1+ 19. Kxd1 a6 20. Nd3
Qc6 21. Nxc5 Qxc5 22. Bd3 Bd7 23. Be5 Bc6 24. Bxf6 gxf6 25. Qg4+ Kf8 26. Qf4
Kg7 27. Qg3+ Qg5 28. f3 f5 29. Ke2 f4 30. Qxg5+ hxg5 31. a4 a5 32. h3 f5 33. c3
Kf6 34. Bb5 Bd5 35. Rd1 Rc8 36. Rd4 Ke5 37. Kd2 Rc7 38. Be2 Bc6 39. Ke1 Rd7 40.
Rxd7 Bxd7 41. b3 Kd6 42. Kf2 e5 43. Bd3 Kd5 44. Bc4+ Kc5 45. Bd3 Be6 46. Bc2 e4
47. Ke2 b6 48. Kd2 Kd5 49. Ke2 Ke5 50. Kf2 Bd5 51. Ke2 Kf6 52. Ke1 exf3 53.
gxf3 Bxf3 54. Kf2 g4 0-1

[Event "Linares 13th"]
[Site "Linares"]
[Date "1995.03.11"]
[Round "9"]
[White "Ljubojevic, Ljubomir"]
[Black "Topalov, Veselin"]
[Result "1/2-1/2"]
[WhiteElo "2580"]
[BlackElo "2630"]
[Annotator "Stohl,I"]
[PlyCount "94"]
[EventDate "1995.03.01"]
[EventType "tourn"]
[EventRounds "13"]
[EventCountry "ESP"]
[EventCategory "17"]
[SourceTitle "CBM 046"]
[Source "ChessBase"]
[SourceDate "1995.06.01"]
[SourceVersion "1"]
[SourceVersionDate "1995.06.01"]
[SourceQuality "1"]

1. d4 Nf6 2. c4 c5 3. d5 b5 4. cxb5 a6 5. bxa6 g6 6. Nc3 Bxa6 7. Nf3 d6 8. e4
Bxf1 9. Kxf1 Bg7 10. g3 Nbd7 11. Kg2 O-O 12. Re1 Ra6 13. h3 Qa8 14. Bg5 (14.
Re2 Rb8 15. Qe1 e6 $1 16. dxe6 fxe6 17. Ng5 Re8 18. f4 c4 19. Be3 e5 $1 20. Rd1
h6 21. Nf3 exf4 22. gxf4 Nxe4 23. Nd5 Qb7 $15 {Comas Fabrego,L-Topalov,V/
Pamplona 9495/1995/}) 14... h6 15. Bd2 (15. Bxf6 Bxf6 16. Qd2 Rb8 17. Re2 Kh7
18. Rc1 Rb4 19. Rc2 Qa7 20. h4 h5 21. Qf4 Kg7 22. Qc1 Qb8 23. b3 c4 $44 {
Goldin,A-Koch,JR/Lyon op/1993/}) 15... e6 $1 $146 (15... Rb8 16. b3 Ne8 17. Re2
Nc7 18. Rc1 Ra7 19. Qc2 Na6 20. Na4 Nb4 21. Bxb4 Rxb4 22. Qd3 Ra5 23. Rec2 $14
{Karpov,A-Gelfand,B/Sanghi Nagar FIDE-cm (06)/1995/}) 16. dxe6 fxe6 $44 {<=>[+]
} 17. Qc2 d5 18. a4 (18. exd5 $6 exd5 $40 {גh1-a8}) (18. e5 Ne8 $13 {/\} 19.
Qxg6 $2 d4 20. Ne4 Rxf3 $1 $19) 18... g5 (18... d4 $6 19. Nb5 Qc6 20. b4 $16)
19. Ra3 Rb6 20. Bc1 Rf7 21. Nd2 Rb4 22. Rb3 (22. Kg1 $142 $13 {/\Nb5,Rae3})
22... Rxb3 23. Qxb3 c4 24. Nxc4 $8 (24. Qb5 Ne5 $40 {/\Nd3}) 24... dxc4 25.
Qxc4 Ne5 $1 $15 (25... Re7 26. b4 $13) 26. Qxe6 (26. Qe2 Rd7 $36) 26... Nd3 27.
Rf1 Nc5 28. Qc4 Ncxe4 29. Nxe4 Nxe4 30. f3 Nd6 31. Qe6 Nf5 32. Qe4 Qc8 (32...
Qb8 $5 33. f4 Bxb2 $15) 33. Re1 Rc7 $1 (33... Re7 34. Qd5+) 34. Bd2 Rc2 35. Re2
Rxb2 36. Be1 Rxe2+ (36... Rb8 $142 37. a5 $15) 37. Qxe2 Nd4 38. Qd3 Qe6 39. Bd2
Qa2 40. a5 Nc6 41. h4 $1 gxh4 42. gxh4 Ne5 (42... Nxa5 $2 43. Qd8+ Kh7 44. Qxa5
$10) 43. Qd8+ Kh7 44. f4 Bf6 (44... Nc4 45. Qd3+ Kg8 46. Qd5+ Kf8 47. Qd8+ $10)
45. Qd4 $1 (45. Qxf6 Qxd2+ 46. Kg3 Qd3+ $40) 45... Qg8+ (45... Nc4 46. Qd7+ Bg7
47. Qd3+ $10) 46. Kf1 Qc4+ (46... Ng4 47. Qe4+ {/\a6}) 47. Qxc4 Nxc4 (47...
Nxc4 48. Be1 Bd4 49. a6 $10 {~/=}) 1/2-1/2

[Event "Linares 13th"]
[Site "Linares"]
[Date "1995.03.14"]
[Round "11"]
[White "Shirov, Alexei"]
[Black "Topalov, Veselin"]
[Result "1-0"]
[WhiteElo "2710"]
[BlackElo "2630"]
[Annotator "Stohl,I"]
[PlyCount "93"]
[EventDate "1995.03.01"]
[EventType "tourn"]
[EventRounds "13"]
[EventCountry "ESP"]
[EventCategory "17"]
[SourceTitle "CBM 046"]
[Source "ChessBase"]
[SourceDate "1995.06.01"]
[SourceVersion "1"]
[SourceVersionDate "1995.06.01"]
[SourceQuality "1"]

1. d4 {Ftacnik} Nf6 2. c4 c5 3. d5 b5 4. cxb5 a6 5. bxa6 g6 6. Nc3 Bxa6 7. e4
Bxf1 8. Kxf1 d6 9. g3 Bg7 10. Kg2 Nbd7 11. Nf3 O-O 12. Re1 (12. h3 {Ftacnik})
12... Qa5 13. h3 Rfb8 14. e5 $5 (14. Re2 Ne8 15. Rc2 Nc7 16. Bg5 h6 17. Bd2 Na6
18. Qe2 Nb4 19. Nd1 Qa6 20. Qxa6 Rxa6 21. Bxb4 Rxb4 22. Nd2 f5 $44 {Haba,
P-Weindl,A/Kecskemet GMT/1992/}) 14... dxe5 15. Nxe5 Nxe5 16. Rxe5 Rb7 (16...
Ra7 {Ftacnik} 17. Qe2 Rbb7 {Spassky,B-Ivanchuk,V/Linares/1990/} 18. Bf4 $1 Nh5
19. Rxh5 gxh5 20. Re1 $1 Qa6 21. Qxh5 Rxb2 22. Be5 Qg6 23. Qf3 $1 $36 {Ivanchuk
}) 17. Qe2 (17. Qf3 $5 Ne8 18. Re2 Nd6 19. Ne4 Nf5 20. Bd2 Qb5 21. Bc3 Nd4 22.
Bxd4 cxd4 23. Rc1 Bh6 24. Rc5 Qa6 25. Rc6 Qxa2 26. d6 $36 {Naumkin,I-Manca,F/
Cappelle op/1993/}) 17... Qd8 $146 (17... Kf8 $5 18. Bf4 Nh5 19. Re4 Nxf4+ 20.
Rxf4 Bxc3 21. bxc3 Qxc3 22. Re1 Rd8 23. Qe6 f6 24. d6 Rxd6 25. Qc8+ Kg7 26.
Qxb7 Qxe1 27. Re4 Rd7 $1 $10 {Murzin,L-Darchia,D/Bratislava op/1993/}) 18. a4 (
18. Bf4 {Ftacnik} Nh5) 18... Ne8 (18... Rd7 $5 {Ftacnik} 19. Qf3 Ra6 $13) 19.
Re3 Bd4 (19... Nd6 $5 $132 {/\Nf5-d4}) 20. Rd3 Nf6 {><d5} 21. Be3 Rb4 (21...
Nxd5 $2 22. Bxd4 cxd4 23. Rxd4 e6 24. Nxd5 exd5 25. b4 $16) (21... Bxc3 22.
bxc3 c4 23. Rd2 Nxd5 24. Bd4 $40 {עg8}) 22. Rad1 Qb6 23. Qf3 Rd8 (23... Rxb2
24. Bxd4 (24. d6 {Ftacnik} Qb7 25. Bxd4 cxd4 26. dxe7 Re8 27. Qxb7 Rxb7 28.
Rxd4 $16) 24... cxd4 25. Rxd4 $14) 24. R1d2 Kg7 (24... Bxc3 25. Rxc3 $16 {><c5}
) (24... Rxb2 25. Rxb2 (25. a5 Rxd2 $1 26. axb6 Rxd3 $17) 25... Qxb2 26. Bxd4
cxd4 27. Rxd4 Rc8 28. Rd3 $14) 25. Re2 Rd7 26. Bf4 $5 (26. g4 Qb7 $10) 26...
Rxb2 (26... Qb7 $142 $5) (26... Qb7 $5 {Ftacnik}) 27. a5 Qb4 28. Rxb2 Qxb2 29.
Na4 Qb5 30. Nb6 Ra7 31. Bd2 Qa6 (31... Nd7 32. Nc8 $1 (32. Rb3 {Ftacnik} Qa6
33. g4) 32... Ra8 33. Rb3 {/\Ne7}) (31... Ne8 $5 {/\Nd6}) 32. g4 Nd7 33. Rb3
Ne5 (33... Nxb6 34. Rxb6 Qc4 35. d6 $14) (33... c4 {Ftacnik} 34. Rb1 Nxb6 35.
axb6 Bxb6 36. Bc3+ f6 37. d6 $40) 34. Qe4 (34. Qf4 {Ftacnik} f6 $1) 34... Nc4
35. Nxc4 Qxc4 36. Rf3 (36. Rb8 {Ftacnik} Rd7 37. Qf4 Qxd5+ 38. f3 Rd8 $13)
36... f6 $2 (36... Qa2 $132) 37. g5 f5 (37... Qa2 $142 $5) (37... Rd7 {Ftacnik}
38. gxf6+ exf6 39. d6 Qa6 $13) 38. Qe6 $40 Qa6 (38... Qc2 $1 {Ftacnik}) 39. Rb3
$1 Qxe6 40. dxe6 c4 41. Rb4 Rc7 (41... Rxa5 42. Rxc4 Rd5 43. Rxd4 $1 Rxd4 44.
Bc3 $18) (41... c3 42. Bf4 $1 $18 Bc5 $2 43. Be5+ Kf8 44. Rb8#) 42. a6 $18 Rc6
(42... c3 43. Bf4 c2 44. Rxd4 c1=Q 45. Be5+ $1 $18) 43. a7 $1 Bxa7 44. Bc3+ Kf8
45. Rb7 Ra6 (45... Rxe6 46. Rxa7 {-45...Ra6}) (45... Bc5 {Ftacnik} 46. Rb8+)
46. Rc7 Rxe6 $8 47. Rxa7 {/\Ra8-h8,><h7} (47. Rxa7 {Ftacnik} Kf7 {1-0 Shirov,
A-Topalov,V/Linares (11) ;CBM 46 1995}) 1-0

[Event "PCA/Intel-GP"]
[Site "Moscow"]
[Date "1995.04.28"]
[Round "1.7"]
[White "Speelman, Jonathan S"]
[Black "Topalov, Veselin"]
[Result "1-0"]
[WhiteElo "2610"]
[BlackElo "2630"]
[Annotator "Speelman,J"]
[PlyCount "73"]
[EventDate "1995.04.??"]
[EventType "k.o. (rapid)"]
[EventRounds "4"]
[EventCountry "RUS"]
[SourceTitle "CBM 046 Extra"]
[Source "ChessBase"]
[SourceDate "1995.07.01"]
[SourceVersion "1"]
[SourceVersionDate "1995.07.01"]
[SourceQuality "1"]

1. d4 Nf6 2. c4 g6 3. Nc3 Bg7 4. e4 d6 5. Nf3 O-O 6. Be2 e5 7. d5 Nbd7 8. Bg5
h6 9. Bh4 g5 10. Bg3 Nh5 11. Nd2 $5 (11. h4) 11... Nf4 12. O-O f5 13. exf5
Nxe2+ 14. Qxe2 Nf6 15. Nde4 (15. c5 $5 {Smyslov-Fischer Candiadates 1959})
15... Bxf5 16. f3 b6 17. b4 a5 18. a3 Nh5 19. Bf2 $5 (19. Rac1) 19... Nf4 20.
Qd2 Qe8 21. Be3 Qg6 {intending ...g4} 22. g4 $5 Bd7 23. c5 axb4 24. axb4 Rxa1
25. Rxa1 bxc5 26. bxc5 h5 27. Bxf4 $1 exf4 (27... Rxf4) 28. c6 Bxg4 $5 (28...
hxg4 $5) (28... Bc8 29. h3) 29. fxg4 hxg4 30. Ra7 $5 f3 $4 (30... Re8 $1 {
intending} 31. Rxc7 Rxe4 32. Nxe4 Qxe4 33. Rxg7+ Kxg7 34. Qc3+ Kf7 $1 35. c7
Qb1+ 36. Kf2 Qa2+ 37. Ke1 f3 $1 38. Qd3 $1 (38. Kd1 $2 Qe2+ 39. Kc1 f2 $19)
38... Qa5+ 39. Kd1 Qa1+ $10 (39... Qxc7 $4 40. Qh7+ $18)) 31. Rxc7 $18 Be5 32.
Re7 Bf4 33. Qf2 Qh6 34. c7 Ra8 35. Nd1 Kf8 36. Rd7 Ke8 37. Rh7 $1 1-0

[Event "PCA/Intel-GP"]
[Site "Moscow"]
[Date "1995.04.28"]
[Round "1.7"]
[White "Topalov, Veselin"]
[Black "Speelman, Jonathan S"]
[Result "1-0"]
[WhiteElo "2630"]
[BlackElo "2610"]
[Annotator "Vaisser,A"]
[PlyCount "41"]
[EventDate "1995.04.??"]
[EventType "k.o. (rapid)"]
[EventRounds "4"]
[EventCountry "RUS"]
[SourceTitle "CBM 046 Extra"]
[Source "ChessBase"]
[SourceDate "1995.07.01"]
[SourceVersion "1"]
[SourceVersionDate "1995.07.01"]
[SourceQuality "1"]

1. e4 c6 2. d4 d5 3. exd5 cxd5 4. c4 Nf6 5. Nc3 h6 $6 6. cxd5 Nxd5 7. Bc4 Nxc3
8. bxc3 Qc7 9. Qd3 Nc6 10. Nf3 e6 11. O-O Bd6 12. Re1 a6 13. a4 Na5 14. Ba2 Bd7
15. Ne5 Rc8 16. Bd2 b6 17. Qg3 $1 Bxe5 18. Rxe5 Kf8 {[#]} 19. d5 $1 f6 $2 (
19... exd5 20. Bxd5 f6 (20... Nc4 21. Bf4 $1 $40) 21. Re7 $1 Qxg3 22. Rf7+ Ke8
23. hxg3 $16) 20. dxe6 $1 fxe5 (20... Qxe5 21. exd7 Rd8 22. Bf4 $18) 21. e7+ $1
1-0

[Event "Amsterdam Euwe Memorial"]
[Site "Amsterdam"]
[Date "1995.05.16"]
[Round "4"]
[White "Piket, Jeroen"]
[Black "Topalov, Veselin"]
[Result "1/2-1/2"]
[WhiteElo "2670"]
[BlackElo "2630"]
[Annotator "Topalov,V"]
[PlyCount "60"]
[EventDate "1995.05.12"]
[EventType "tourn"]
[EventRounds "6"]
[EventCountry "NED"]
[EventCategory "18"]
[SourceTitle "CBM 047"]
[Source "ChessBase"]
[SourceDate "1995.08.01"]
[SourceVersion "1"]
[SourceVersionDate "1995.08.01"]
[SourceQuality "1"]

1. d4 {Stohl Ftacnik} Nf6 2. c4 c5 3. d5 b5 4. cxb5 a6 5. bxa6 g6 6. Nc3 Bxa6
7. e4 Bxf1 8. Kxf1 d6 9. g3 Bg7 10. Kg2 Nbd7 11. Nf3 O-O 12. Re1 Qa5 (12... Ra6
13. h3 Qa8 14. Bg5 (14. Bf4 {Stohl} Nb6 15. Qc2 Na4 16. Nxa4 Rxa4 17. a3 Nd7
18. Rad1 Ra7 19. Bc1 (19. e5 $5) 19... Ne5 20. Nxe5 Bxe5 21. f4 Bd4 22. Be3
Bxe3 23. Rxe3 Rb8 24. Rb3 Rxb3 25. Qxb3 Rb7 $44 {Pacheco,JL-Pelikian,J/Sao
Paulo zt/1995/}) 14... h6 15. Bd2 e6 16. dxe6 fxe6 $13 {Ljubojevic-Topalov
Linares 1995}) 13. h3 Rfb8 14. e5 dxe5 15. Nxe5 Nxe5 16. Rxe5 Rb7 (16... Ra7 {
Ftacnik} 17. Qe2 (17. Qe1 Qd8 18. Rb1 Rd7 19. Bf4 Rbb7 20. Na4 Rxd5 21. Nxc5
Rxe5 22. Qxe5 Rb4 23. Qe1 Qd5+ 24. Kg1 {Dao Thien Hai-Sorensen,J/WchJ Tunja (2)
/1989/0-1 (40)}) (17. Qf3 {Stohl} Rb4 18. Re2 Rab7 19. Bg5 Qd8 20. d6 Qxd6 21.
Rd1 Qb8 22. Nd5 Nxd5 23. Rxd5 f6 24. Bc1 Qc8 25. Rc2 Rc7 26. Be3 c4 $132 {
Epelbaum,M-Phominyh,A/Alushta3/1994/}) 17... Rbb7 18. a4 (18. Bf4 Nh5 19. Rxh5
gxh5 20. d6 Qa6 21. Qxh5 Qc6+ 22. Kg1 exd6 23. Rd1 Rxb2 24. Rxd6 {Caselas,
J-Martin Gonzalez,A/ESP-ch Canete/1994/0-1 (26)}) 18... Ne8 19. Re3 Nd6 20. g4
c4 21. Qf3 (21. Rf3 Bxc3 $1 $10 {Spassky,B-Ivanchuk,V/Linares/1990/0.5 (26)})
21... Rb8 22. Ra3 Rab7 23. Ne4 Bxb2 24. Bxb2 {Shneider,A-Khalifman,A/Moscow
PCA-Intel qual (07)/1995/0.5 (30)}) (16... Kf8 {Ftacnik} 17. Qe2 Ra7 18. Bf4
Qb4 19. Re1 Qxb2 20. Qe3 Ra3 21. Rxe7 Rxc3 22. Rxf7+ Kg8 23. Qe6 Kh8 24. Rxf6 {
Kiss,B-Molnar,E/HUN-chT 9293/1993/1-0 (27)}) 17. d6 $146 (17. Qe2 Qd8 18. a4
Ne8 19. Re3 Nd6 $1 $44 (19... Bd4 $6 20. Rd3 Nf6 21. Be3 Rb4 22. Rad1 Qb6 23.
Qf3 Rd8 24. R1d2 {Stohl} Kg7 25. Re2 Rd7 $13 {Shirov,A-Topalov,V/Linares/1995/}
)) 17... exd6 (17... e6 $2 18. Re2 $5 (18. Qf3 {Stohl} Rbb8 (18... Rd7 $2 19.
Rxc5 $16) 19. Re2 $14 {/\Bf4,Bg5})) (17... Rd8 18. Qf3 exd6 19. Rxc5 (19. Qxb7
dxe5 20. Bg5 $14) 19... Qxc5 20. Qxb7 $14) 18. Qxd6 Rc8 $1 {Nach diesem Zug
hat Schwarz drei starke Drohungen: a) 19...Rd7 mit Damenfang, b) 19...Qa8 mit
Röntgenwirkung nach g2 und c) 19...Ne8 mit Doppelangriff.} (18... Ne8 19. Qc6
$1) 19. Nd5 (19. Ne4 $2 Rb6 $15) (19. Qd1 Qa8 20. Qf3 Ng4 21. Re1 (21. Re2 {
Ftacnik} Ne5 22. Qe4 Rd8 $132) 21... Ne5 $36) (19. Re2 {Ftacnik} Qa8 $1) (19.
Be3 $2 {Stohl} Rd7 20. Rxc5 Qa8+ 21. Nd5 Rxc5 $19) (19. Qd1 $5 $13 {Stohl})
19... Nxd5 (19... Ne8 {Ftacnik} 20. Qc6 $3 Bxe5 (20... Rxc6 21. Rxe8+ Bf8 22.
Bh6 $18) 21. Qxb7 $16) 20. Qxd5 (20. Rxd5 {Stohl} Bxb2 21. Rb1 Qxa2 $10) 20...
Qa6 (20... Bxe5 {Stohl} 21. Qxb7 Rb8 22. Qe4 $14 {/\} Bxb2 $2 23. Bxb2 Rxb2 24.
Qe8+ Kg7 25. Qe5+ $18) 21. Re4 c4 (21... h5 22. Rc4 $14) (21... Bxb2 $2 {Stohl}
22. Rb1 Rcb8 23. Rxb2 Rxb2 24. Bxb2 Rxb2 25. Re8+ Kg7 26. Qe5+ Kh6 (26... Qf6
27. Rg8+ $18) 27. Qxb2 (27. Qe3+ $5 $40) 27... Qc6+ 28. Kh2 Qxe8 29. Qc1+ $16)
22. Bf4 $1 (22. a4 $2 h5) 22... Bxb2 (22... Rxb2 23. Rae1 h5 24. Re8+ Rxe8 25.
Rxe8+ Kh7 26. Re7 $14) 23. Rae1 Qb5 (23... Kg7 24. Be5+ Bxe5 25. Qxe5+ Qf6 26.
Qxf6+ Kxf6 27. R1e2 $10) (23... Qa8 $5 24. Re8+ Rxe8 25. Rxe8+ Qxe8 26. Qxb7
Ba3 $10 {o^c}) (23... Qc6 $2 {Ftacnik} 24. Qxc6 Rxc6 25. Bh6 Re6 26. Rxc4 Rb8
27. Rxe6 fxe6 28. a4 $18) 24. Re8+ Rxe8 25. Qxb5 (25. Rxe8+ Qxe8 (25... Kg7 26.
Qd8 $40) 26. Qxb7 $10 (26. Qxb7 {Stohl} Bf6 $15 {o^c})) 25... Rxb5 26. Rxe8+
Kg7 27. Rc8 Rb4 (27... c3 {Ftacnik} 28. Rc4 (28. a4 {Stohl} Ra5 29. Rc4 $10 {
/\Be3-d4}) 28... g5 29. Be3 $10) 28. Bd6 Ra4 29. a3 $1 (29. Bf8+ $2 Kf6 30.
Rc6+ Ke5 31. Bg7+ Kd5 $1 $19) 29... Kf6 30. Bb4 Bxa3 (30... Ke6 31. Rxc4 Bxa3
32. Rc6+ Kd7 33. Rd6+ $10) (30... Bxa3 {Stohl} 31. Bxa3 Rxa3 32. Rxc4 $10)
1/2-1/2

[Event "Rubinstein Memorial 32nd"]
[Site "Polanica Zdroj"]
[Date "1995.??.??"]
[Round "6"]
[White "Huebner, Robert"]
[Black "Topalov, Veselin"]
[Result "1/2-1/2"]
[WhiteElo "2630"]
[BlackElo "2640"]
[Annotator "Dolmatov,S"]
[PlyCount "114"]
[EventDate "1995.08.??"]
[EventType "tourn"]
[EventRounds "11"]
[EventCountry "POL"]
[EventCategory "14"]
[SourceTitle "CBM 049"]
[Source "ChessBase"]
[SourceDate "1995.12.01"]
[SourceVersion "1"]
[SourceVersionDate "1995.12.01"]
[SourceQuality "1"]

1. d4 Nf6 2. c4 g6 3. g3 c5 4. Nf3 Bg7 5. Bg2 O-O 6. O-O cxd4 7. Nxd4 Nc6 8.
Nc3 Ng4 (8... d6) 9. e3 d6 (9... Nge5 10. b3 d6 11. Bb2 Bg4 12. f3 Bd7 13. Qd2
a6 14. Nde2 $14 {Smeikal,J-Honfi,K/CSSR/1968/}) 10. b3 (10. Nxc6 bxc6 11. Bxc6
Rb8 12. Bf3 Ne5 $44 {Saadi,J-Fisher,R/Mar del Plata/1960/}) 10... a6 (10...
Nxd4 11. exd4 Nh6 12. Bb2 Nf5 13. Nd5 Bd7 14. Re1 Re8 15. Qd2 $14) 11. Bb2 Nxd4
12. exd4 Rb8 13. a4 Nh6 14. a5 Nf5 15. Nd5 (15. Na4 $2 Qxa5) 15... b5 $1 $8 (
15... e6 $2 16. Nb6 $16) 16. axb6 $6 (16. Nb4 $5 Qc7 17. Nc6 Rb7 18. Rc1 $40)
16... e6 17. Ne3 Ne7 (17... Nxe3 18. fxe3 Qxb6 19. Ra3 $10) 18. Ba3 $6 (18. b7
Bxb7 19. Bxb7 Rxb7 20. Rxa6 Qb8 21. Ra3 $14) 18... Qxb6 19. c5 dxc5 (19... Qxb3
$2 20. cxd6 Nf5 21. Nxf5 gxf5 22. d7 $16) 20. Bxc5 Qc7 21. Rc1 Rd8 $1 $10 22.
b4 Qd7 23. Qe2 Bb7 24. Rfd1 Bxg2 25. Kxg2 Qb7+ 26. Kg1 (26. Qf3 Qxf3+ (26...
Nd5 $10) 27. Kxf3 Nc6 $2 (27... Nd5 28. Nxd5 Rxd5 29. Ra1) 28. d5 $10) 26...
Nd5 27. Nxd5 Rxd5 28. Ra1 Ra8 29. Ra3 h5 30. h4 Kh7 31. Qf3 $10 Kg8 32. Rda1
Bf8 33. Ra5 Bxc5 34. bxc5 Qb2 35. R5a4 Rad8 36. Rxa6 Qxd4 37. c6 Rf5 38. c7
Rxf3 39. cxd8=Q+ Qxd8 40. Ra8 Qxa8 41. Rxa8+ Kg7 42. Kg2 Rb3 43. f4 Rb7 44. Ra5
Kf6 45. Kf2 Rd7 46. Ke3 Rd5 47. Ra7 Rb5 48. Kf3 Rb3+ 49. Kf2 Rc3 50. Rb7 Rc5
51. Kf3 e5 52. fxe5+ Rxe5 53. Ra7 Ke6 54. Ra6+ Kf5 55. Ra7 f6 56. Ra4 g5 57.
hxg5 fxg5 1/2-1/2

[Event "Rubinstein Memorial 32nd"]
[Site "Polanica Zdroj"]
[Date "1995.??.??"]
[Round "8"]
[White "Markowski, Tomasz"]
[Black "Topalov, Veselin"]
[Result "1/2-1/2"]
[WhiteElo "2530"]
[BlackElo "2640"]
[Annotator "Dolmatov,S"]
[PlyCount "90"]
[EventDate "1995.08.??"]
[EventType "tourn"]
[EventRounds "11"]
[EventCountry "POL"]
[EventCategory "14"]
[SourceTitle "CBM 049"]
[Source "ChessBase"]
[SourceDate "1995.12.01"]
[SourceVersion "1"]
[SourceVersionDate "1995.12.01"]
[SourceQuality "1"]

1. c4 g6 2. g3 Bg7 3. Bg2 e5 4. Nc3 d6 5. d3 f5 6. e4 (6. f4 Nf6 7. Nf3 Nc6 $13
) 6... Nf6 7. Nge2 (7. h4 $6 c6 8. h5 gxh5 9. Bf3 Qe7 10. Bg5 O-O 11. Bxh5 Be6
$13) 7... O-O 8. O-O c6 9. exf5 gxf5 (9... Bxf5 $5 10. d4 $13 {Kovacevic,
V-Ostojic,P/La Habana/1968/}) 10. d4 Na6 11. b3 Bd7 (11... Be6 $6 12. d5 cxd5
13. Nxd5 $14) 12. dxe5 (12. Ba3 exd4 13. Nxd4 Nc5 $132) 12... dxe5 13. Qd6 Qe8
14. Bg5 h6 15. Bh4 Rd8 16. Rad1 Bc8 17. Qa3 Rxd1 (17... Rf7 $5) 18. Rxd1 f4 19.
Qd6 (19. Ne4 Bg4 20. Bxf6 Bxf6 21. f3 Be7 22. Qb2 Bf5 $132) 19... Ng4 (19...
Bg4 $5) 20. Be4 fxg3 21. Bxg3 $14 Nf6 22. Bg2 (22. Qxe5 $2 Nxe4 (22... Qxe5 23.
Bxe5 Nxe4 24. Bxg7 Kxg7 25. Nxe4 $14) 23. Qxe4 Nc5 $44) 22... Nh5 23. Ne4 Bf5 (
23... Bg4 24. Rd2) 24. Qd2 $6 Qg6 25. Qe3 Nc7 26. Rd6 (26. Nd6 $6 Rd8 (26...
Bc2 $2 27. Be4 Bxe4 28. Qxe4 $14)) 26... Qf7 27. Rd2 Ne8 (27... Qg6 $2 28. Nd6
$14) 28. Nd6 Nxd6 29. Rxd6 Bg4 $10 30. h3 Bc8 31. Bh4 (31. Qxa7 $6 Nf4 32. Nxf4
exf4 33. Bh4 f3 $40) 31... Nf4 32. Nxf4 exf4 33. Qf3 $10 Qc7 34. Rd2 Bf5 35.
Re2 Rf7 36. Rd2 Kh7 37. Bf1 Qe5 38. Rd1 Qe6 39. Bd3 Qg6+ 40. Kh2 Bxd3 41. Qxd3
c5 42. Qf3 Bd4 43. Rg1 Qf5 44. Qg2 Rg7 45. Qf3 Rf7 1/2-1/2

[Event "Rubinstein Memorial 32nd"]
[Site "Polanica Zdroj"]
[Date "1995.??.??"]
[Round "9"]
[White "Topalov, Veselin"]
[Black "Kaminski, Marcin"]
[Result "1-0"]
[WhiteElo "2640"]
[BlackElo "2495"]
[Annotator "Hecht,H"]
[PlyCount "125"]
[EventDate "1995.08.??"]
[EventType "tourn"]
[EventRounds "11"]
[EventCountry "POL"]
[EventCategory "14"]
[SourceTitle "CBM 049"]
[Source "ChessBase"]
[SourceDate "1995.12.01"]
[SourceVersion "1"]
[SourceVersionDate "1995.12.01"]
[SourceQuality "1"]

1. c4 g6 2. d4 Nf6 3. Nc3 Bg7 4. e4 d6 5. Nf3 O-O 6. Be2 e5 7. Be3 Ng4 8. Bg5
f6 9. Bh4 Nc6 10. d5 Ne7 11. Nd2 f5 12. Bxg4 fxg4 13. Bg5 h6 14. Be3 c5 15. Rb1
g5 16. b4 b6 17. bxc5 bxc5 18. O-O Rf7 19. Rb3 Ng6 20. Qb1 Bf8 21. Qb2 Nf4 22.
Rb1 h5 23. Rb8 Rxb8 24. Qxb8 h4 25. g3 h3 26. Kf1 Nd3 27. Rb3 Nb4 28. Ke2 Nc2
29. Qa8 Nd4+ 30. Bxd4 exd4 31. Nd1 Qe8 32. Rb8 Rc7 33. Nb2 Kh7 34. Nd3 Bg7 35.
Rb1 Qe7 36. Kf1 Ba6 37. Ke2 Bc8 38. Kd1 Bd7 39. Rb8 Kg6 40. Kc1 Kf7 41. Rb3 Qf8
42. Qxf8+ Bxf8 43. e5 Bf5 44. e6+ Ke7 45. Kd1 Kd8 46. Ke2 Kc8 47. f3 gxf3+ 48.
Kxf3 Rb7 49. Rxb7 Kxb7 {starkes Springerpaar gegen 2 Läufer bei blockierter
Stellung und schwarzen Bauernschwächen} 50. Ne4 Be7 51. g4 Bg6 52. Ndf2 Kb6 53.
Nh1 (53. Nxh3 Bxe4+ (53... Ka5 54. Nhxg5 Kb4 55. h4 Kxc4 56. h5 Be8 57. Nf7
Kxd5 58. h6 Kxe6 59. h7 $18) 54. Kxe4 Ka5 55. Kd3 Kb4 56. Ng1 Ka3 57. Nf3 Kxa2
58. h4 $18 gxh4 59. g5 a5 60. g6 Bf6 61. g7 Bxg7 62. e7) 53... Kc7 54. Nhg3
Bxe4+ 55. Nxe4 Kd8 56. Nf2 Ke8 57. Ke4 Kf8 58. Nxh3 Kg7 59. Nf2 Kg6 60. Nh1 Kf6
61. Ng3 Bf8 62. Nf5 Be7 63. h4 1-0